Sahityacharithram: (Record no. 181862)

000 -LEADER
fixed length control field 00423nam a2200169 4500
020 ## - INTERNATIONAL STANDARD BOOK NUMBER
ISBN 9789393969347
082 ## - DEWEY DECIMAL CLASSIFICATION NUMBER
Classification number M 809
Item number SHO/S
100 ## - MAIN ENTRY--AUTHOR NAME
Personal name Shooba K S
100 ## - MAIN ENTRY--AUTHOR NAME
Personal name Anilkumar D V
245 ## - TITLE STATEMENT
Title Sahityacharithram:
Sub Title deshacharithram enna kettukatha/
Statement of responsibility, etc by Shooba K S
250 ## - EDITION STATEMENT
Edition statement 3
260 ## - PUBLICATION, DISTRIBUTION, ETC. (IMPRINT)
Place of publication Kozhikode:
Name of publisher Atma Books,
Year of publication 2023.
300 ## - PHYSICAL DESCRIPTION
Number of Pages 111p.
650 ## - SUBJECT ADDED ENTRY--TOPICAL TERM
Topical Term Literary History
650 ## - SUBJECT ADDED ENTRY--TOPICAL TERM
Topical Term Literature
942 ## - ADDED ENTRY ELEMENTS (KOHA)
Koha item type Book
Holdings
Withdrawn status Lost status Damaged status Not for loan Permanent Location Current Location Shelving location Date acquired Cost, normal purchase price Full call number Accession Number Price effective from Koha item type
        Sree Sankaracharya University of Sanskrit Sree Sankaracharya University of Sanskrit Stacks 29.05.2026 220.00 M 809 SHO/S 108983 29.05.2026 Book